Nomenclátor de los pueblos de España (Record no. 160745)

MARC details
000 -LEADER
campo de control de longitud fija 00713nam a2200193 i 4500
001 - NÚMERO DE CONTROL
campo de control 160745
003 - IDENTIFICADOR DE NÚMERO DE CONTROL
campo de control ES-MaACL
005 - FECHA Y HORA DE LA ÚLTIMA TRANSACCIÓN
campo de control 20250603181633.0
008 - DATOS DE LONGITUD FIJA--INFORMACIÓN GENERAL
campo de control de longitud fija 940301s1858 sp |||| | spa d
040 ## - FUENTE DE CATALOGACIÓN
Centro catalogador/agencia de origen AS
Lengua de catalogación spa
245 00 - MENCIÓN DEL TÍTULO
Título Nomenclátor de los pueblos de España
Resto del título : (no están comprendidas las provincias de América y Asia) /
Mención de responsabilidad, etc. formado por la Comisión de Estadística General del Reino ; publícase de orden de S.M.
260 ## - PUBLICACIÓN, DISTRIBUCIÓN, ETC.
Lugar de publicación, distribución, etc. Madrid :
Nombre del editor, distribuidor, etc. Imprenta Nacional,
Fecha de publicación, distribución, etc. 1858.
300 ## - DESCRIPCIÓN FÍSICA
Extensión 999 p. ;
Dimensiones 33 cm.
597 ## - NOTA DE DESCRIPCIÓN FÍSICA
NOTA DE DESCRIPCIÓN FÍSICA Texto a dos col.
651 #7 - PUNTO DE ACCESO ADICIONAL DE MATERIA--NOMBRE GEOGRÁFICO
Nombre geográfico España-
Subdivisión general Nomencladores
Fuente del encabezamiento o término
9 (RLIN) 165997
852 ## - LOCALIZACIÓN
Ubicación ES-MaACL
Número de control de estantería G-2958
Nota libre -- Enc. hol.
852 ## - LOCALIZACIÓN
Ubicación ES-MaACL
Número de control de estantería G-2225
Nota libre -- Enc. tela
Holdings
Estatus retirado Estado de pérdida Estado de daño No para préstamo Colección Biblioteca de origen Biblioteca actual Ubicación en estantería Fecha de adquisición Fuente de adquisición Total de préstamos Signatura topográfica completa Código de barras Visto por última vez Precio de reemplazo Tipo de ítem Koha
        Libros del s. XIX Biblioteca del Ateneo de Madrid Biblioteca del Ateneo de Madrid Depósito 2 17/01/2008     G-2225 1168330 23/02/2023 23/02/2023 Libro impreso antiguo
        Libros del s. XIX Biblioteca del Ateneo de Madrid Biblioteca del Ateneo de Madrid Depósito 2 17/01/2008     G-2958 1168329 23/02/2023 23/02/2023 Libro impreso antiguo